000 00449nam a2200193Ia 4500
008 101110s9999 xx 000 0 und d
041 _aMARATHI
082 _bSR13597
_a651.75
100 _aJoshi Uday
245 _aVyavsayik Patravyavhar
365 _b15
520 _aCommerce
546 _aMARATHI
630 _aVyavsayik Patravyavhar
650 _aCommerce
655 _aCommerce
730 _aVyavsayik Patravyavhar
942 _cBOOK
999 _c807795
_d807792